| 000 | 00410cam a22001337a 4500 | ||
|---|---|---|---|
| 008 | 180718b1968 xxu||||| |||| 00| 0 eng d | ||
| 082 | _aLx54 F/int | ||
| 100 | _aIndia. Finance Commission | ||
| 245 | _aInterim report of the Finance Commission (October 1968) | ||
| 260 |
_aDelhi _bThe Manager of Publications _c1968 |
||
| 300 | _a54p. | ||
| 500 | _aChairman: Mahavir Tyagi | ||
| 700 | _aTyagi, Mahavir (Chairman) | ||
| 999 |
_c489536 _d489536 |
||